000 01063cam a2200217 i 4500
005 20251108174849.0
008 250721b9999 le gr 000 0 ara d
020 _a9953721610
082 1 4 _a212
_bق ر ط
100 1 _aالقرطبي، محمد بن أحمد بن أبي بكر بن فرح أبو عبد الله
_eمؤلف.
245 1 0 _aروضات الجنان في الجامع لأحكام القرآن /
_cللامام القرطبي ؛ اقتطفها و نسقها و علق عليها الدكتور ياسين الأيوبي ؛ أعد فهارسها الدكتور محمد علي زكي صباغ.
264 1 _aبيروت :
_bدار الأرقم بن أبي الارقم للطباعة و النشر و التوزيع،
_c[بين 2000 و 2005].
300 _a3 جزء.
650 1 7 _aالاسلام.
650 1 7 _aتفسير القرآن.
650 1 7 _aالعلوم القرآنية.
700 1 _aالأيوبي، ياسين
_eجامع.
700 1 _aصباغ، محمد علي
_eمعد.
942 _2ddc
_cREF
999 _c120076
_d120076